Top 50 Scrubs Characters (Seasons 1-8) - Statistics

General Stats
  • This quiz has been taken 200 times
  • The average score is 25 of 51
Answer Stats
Answer % Correct
Dr. Christopher "Chris" Duncan Turk
100%
Dr. John "J.D." Dorian
100%
Dr. Elliot Reid
99%
Dr. Percival "Perry" Ulysses Cox
99%
Nurse Carla Espinosa
99%
Dr. Robert "Bob" Kelso
97%
Janitor
96%
Dan Dorian
95%
Dr. Denise "Jo" Mahoney
93%
Dr. Ed Dhandapani
92%
Theodore "Ted" Buckland
90%
Dr. Todd "The Todd" Quinlan
87%
Nurse Laverne Roberts
85%
Jordan Sullivan
82%
Dr. Keith Dudemeister
76%
Dr. Kim Briggs
66%
Ben Sullivan
65%
Sam Dorian (J.D.'s dad)
60%
Dr. Doug Murphy
58%
Sean Kelly
52%
Dr. Seymour "Beardface" Beardfacé
51%
Hooch
49%
Dr. Molly Clock
45%
Dr. Philip Wen
45%
Julie Keaton
43%
Snoop Dogg Attending
43%
Danni Sullivan
41%
Dr. Sonja "Sunny" Day
37%
Dr. Walter Mickhead
36%
Jason "Cabbage" Cabbagio
35%
Lloyd
35%
Dr. Coleman "Colonel Doctor" Slawski
34%
Dr. Paul Zeltzer
33%
Ladinia "Lady" Williams
30%
Lonnie
30%
Dr. Kevin Casey
27%
Marco Espinosa
26%
Stephanie Gooch
24%
Troy
22%
Dr. Taylor Maddox
21%
Mrs. Patricia Wilk
18%
Jill Tracy
16%
Leonard the Security Guard
15%
Dr. Katie Collins
10%
Jimmy the Overly Touchy Orderly
10%
Randall Winston
10%
Rex
10%
Franklin
8%
Dr. Howie Gelder
7%
Mr. Harvey Corman
5%
The Worthless Peons (Ted's Band)
5%
No matching quizzes found
Score Distribution
Percent of People with Each Score
Percentile by Number Answered
Your Score History
You have not taken this quiz